| 000 | 00813cam a2200205 4500 | ||
|---|---|---|---|
| 001 | ABS65102 | ||
| 008 | 020304n2002 000 0 eng u | ||
| 035 | _a(Sirsi) u116957 | ||
| 100 | _aOsborne, H. | ||
| 245 | _aNo safety in numbers | ||
| 260 | _c2002 | ||
| 490 |
_aEstates Gazette _v(0207) 16 February 2002, 104-105(2) |
||
| 520 | _aThird article in small business series concerns how a firm with strong professional services deals with a tight market. Interviews two experts for their opinions, who recommend solutions on whether to close one branch, how to cope with an overcrowded market, fee cutting and professional services. | ||
| 590 | _aABS | ||
| 650 | _aPROFESSIONAL SERVICES | ||
| 650 | _aSMALL BUSINESSES | ||
| 650 | _aMANAGEMENT | ||
| 690 | _aMANAGEMENT-BUSINESS MANAGEMENT | ||
| 942 | _n0 | ||
| 999 |
_c69662 _d69662 |
||